Normal view
MARC view
- Bates D
Entry Personal Name
001 - CONTROL NUMBER
- control field: 196287
003 - CONTROL NUMBER IDENTIFIER
- control field: OSt
005 - DATE AND TIME OF LATEST TRANSACTION
- control field: 20230714214926.0
008 - FIXED-LENGTH DATA ELEMENTS
- fixed length control field: 230714|| aca||aabn | a|a d
040 ## - CATALOGING SOURCE
- Original cataloging agency: OSt
- Transcribing agency: OSt
100 ## - HEADING--PERSONAL NAME
- Personal name: Bates D
670 ## - SOURCE DATA FOUND
- Source citation: Work cat.: (OSt)212427: Bates D., Raspberry Pi Projects For Kids, 2014